000 01278nam a2200385 4500
001 88039533
005 20160815030006.0
008 990826c19971989nyua j 00011 eng
010 _a 88039533
020 _a0679865667
_c$9.49
035 _a264821
040 _aDLC
_cDLC
050 4 _aPZ7.D28586
_bSe 1997
082 1 4 _aFic
092 _aF Davis
100 1 _aDavis, Deborah.
245 1 4 _aThe secret of the seal /
_cDeborah Davis ; illustrations by Judy LaBrasca.
250 _a1st Knopf paperback ed.
260 _aNew York :
_bKnopf,
_c1997, c1989.
300 _a57 p. :
_bill. ;
_c20 cm.
500 _a"A Knopf paperback."
510 3 _aAccelerated Reader
510 3 _aNational Council For Social Studies Notable Children's Trade
520 _aTen-year-old Kyo, an Eskimo boy, faces a difficult moral choice between friendship for a seal and loyalty to his family.
521 0 _a3.0
521 2 _a2-5
650 0 _aEskimos
_xJuvenile fiction.
650 1 _aEskimos
_xFiction.
650 1 _aIndians of North America
_xFiction.
650 1 _aSeals (Animals)
_xFiction.
650 7 _aInuit
_xFiction
_2sears
650 7 _aIndians of North America
_xFiction
_2sears
650 7 _aSeals (Animals)
_xFiction
_2sears
700 1 _aLaBrasca, Judy,
_eill
999 _c1093
_d1093